Modeling, performance analysis and control of robot manipulators /

This book presents the most recent research results on modeling and control of robot manipulators. Chapter 1 gives unified tools to derive direct and inverse geometric, kinematic and dynamic models of serial robots and addresses the issue of identification of the geometric and dynamic parameters of...

Full description

Bibliographic Details
Other Authors: Dombre, E. (Etienne), Khalil, W. (Wisama)
Format: eBook
Language:English
Language Notes:English.
Published: London ; Newport Beach, CA : ISTE, ©2007.
Series:Control systems, robotics and manufacturing series.
Subjects:
Online Access:Connect to the full text of this electronic book

MARC

Tag First Indicator Second Indicator Subfields
LEADER 00000nam a2200000 a 4500
001 in00005688521
005 20260214235050.6
006 m o d
007 cr cn|||||||||
008 100122s2007 enka ob 001 0 eng d
035 |a wil6005422 
035 |a (NhCcYBP)wil6005422 
040 |a NhCcYBP  |b eng  |c NhCcYBP 
020 |a 9780470612286 
020 |a 0470612282 
020 |a 9781847045607  |q (electronic bk.) 
020 |a 184704560X  |q (electronic bk.) 
020 |a 1280847638 
020 |a 9781280847639 
020 |a 9786610847631 
020 |a 6610847630 
020 |a 0470394498 
020 |a 9780470394496 
020 |z 9781905209101 
020 |z 190520910X 
024 7 |a 10.1002/9780470612286  |2 doi 
037 |a 10.1002/9780470612286  |b Wiley InterScience  |n http://www3.interscience.wiley.com 
050 4 |a TJ211  |b .M626 2007 
072 7 |a TEC  |x 004000  |2 bisacsh 
082 0 4 |a 629.8/933  |2 22 
084 |a 50.22  |2 bcl 
084 |a 52.72  |2 bcl 
084 |a 54.83  |2 bcl 
245 0 0 |a Modeling, performance analysis and control of robot manipulators /  |c edited by Etienne Dombre, Wisama Khalil. 
246 1 4 |a Robot manipulators 
260 |a London ;  |a Newport Beach, CA :  |b ISTE,  |c ©2007. 
300 |a 1 online resource (xiii, 398 pages) :  |b illustrations 
336 |a text  |b txt  |2 rdacontent 
337 |a computer  |b c  |2 rdamedia 
338 |a online resource  |b cr  |2 rdacarrier 
490 1 |a Control systems, robotics and manufacturing series 
504 |a Includes bibliographical references and index. 
505 0 |a Modeling and identification of serial robots / Wisama Khalil and Etienne Dombre -- Modeling of parallel robots / Jean-Pierre Merlet and François Pierrot -- Performance analysis of robots / Philippe Wenger -- Trajectory generation / Moussa Haddad [and others] -- Position and force control of a robot in a free or constrained space / Pierre Dauchez and Philippe Fraisse -- Visual servoing / François Chaumette. 
520 |a This book presents the most recent research results on modeling and control of robot manipulators. Chapter 1 gives unified tools to derive direct and inverse geometric, kinematic and dynamic models of serial robots and addresses the issue of identification of the geometric and dynamic parameters of these models. Chapter 2 describes the main features of serial robots, the different architectures and the methods used to obtain direct and inverse geometric, kinematic and dynamic models with special attention to singularity analysis. Chapter 3 introduces global and local tools for performance analysi. 
588 0 |a Print version record. 
546 |a English. 
650 0 |a Robotics. 
650 0 |a Manipulators (Mechanism) 
650 2 |a Robotics 
700 1 |a Dombre, E.  |q (Etienne) 
700 1 |a Khalil, W.  |q (Wisama) 
776 0 8 |i Print version:  |t Modeling, performance analysis and control of robot manipulators.  |d London ; Newport Beach, CA : ISTE, ©2007  |z 9781905209101  |z 190520910X  |w (DLC) 2006032328 
830 0 |a Control systems, robotics and manufacturing series. 
856 4 0 |u http://proxy.library.tamu.edu/login?url=https://onlinelibrary.wiley.com/book/10.1002/9780470612286  |z Connect to the full text of this electronic book  |t 0 
955 |a Wiley EBA record 
975 |p Wiley UBCM Full Collection 
976 |a 6005422 
999 f f |i ac9fad6c-c453-4b28-83a8-0808ff1adbb8  |s 137d2e2f-e023-497c-a736-4a51704dc3a5  |t 0 
952 f f |a Texas A&M University  |b College Station  |c Electronic Resources  |s evans_pda  |d Available Online  |t 0  |e TJ211 .M626 2007  |h Library of Congress classification 
998 f f |a TJ211 .M626 2007  |t 0  |l Available Online